| 000 | 00652nam a2200205Ia 4500 | ||
|---|---|---|---|
| 003 | GCL | ||
| 005 | 20240530095333.0 | ||
| 008 | 140319s9999 xx 000 0 ara d | ||
| 040 |
_aGCL / _cGCL |
||
| 082 | 0 | 4 |
_a709 _bع ت |
| 100 | 1 | _aعزت زكى حامد قادوس | |
| 245 | 1 | 0 |
_aتاريخ عام الفنون / _cعزت زكى حامد قادوس |
| 260 |
_aالاسكندرية : _bدار المعرفة الجامعية ، _c2001 |
||
| 300 |
_a523 ص ؛ _c24 سم |
||
| 650 | 0 | 4 | _aالفن المصرى القديم |
| 650 | 0 | 4 | _aالاثار |
| 650 | 0 | 4 | _aالفن القديم |
| 650 | 0 | 4 | _aالفن الاغريقى |
| 942 |
_2ddc _cBK |
||
| 999 |
_c6280 _d6280 |
||